| 000 | 00760cam a2200241 4500 | ||
|---|---|---|---|
| 999 |
_c37799 _d37799 |
||
| 001 | 4071936 | ||
| 003 | ARRUPE | ||
| 005 | 20170614105707.0 | ||
| 008 | 700501s1969 enkb 001 0 eng | ||
| 010 | _a 70085483 | ||
| 015 | _aB69-26630 | ||
| 020 | _a0333077245 | ||
| 040 |
_aDLC _cDLC _dDLC |
||
| 050 | 0 | 0 |
_aDT534 _b.H3 |
| 082 | 0 | 0 | _a966 |
| 100 | 1 |
_aHargreaves, John D., _ecomp. _930515 |
|
| 245 | 1 | 0 |
_aFrance and West Africa: _ban anthology of historical documents, _cedited by John D. Hargreaves. |
| 260 |
_aLondon, _bMacmillan, _c1969. |
||
| 300 |
_a278 p. _bmap. _c23 cm. |
||
| 350 | _a56/- | ||
| 651 | 0 |
_aAfrica, French-speaking West _xHistory _y1884-1960 _xSources. _932582 |
|
| 906 |
_a7 _bcbc _corignew _du _encip _f19 _gy-gencatlg |
||
| 942 |
_2lcc _cMONOGRAPH |
||